000
00322nam a22001457a 4500
008
230127b ||||| |||| 00| 0 eng d
020
_a
9780132179348
041
_a
eng
080
_2
SIXTH EDITION
_a
37
082
_a
37KAU
100
_a
22
101
_a
EDU
245
_a
LEARNING TEACHING
_c
KAUCHAK D
942
_2
udc
_c
BK
999
_c
59283
_d
59283